| 000 | nam a22 7a 4500 | ||
|---|---|---|---|
| 999 |
_c129649 _d129649 |
||
| 008 | 190523b xxu||||| |||| 00| 0 eng d | ||
| 020 | _a9781781090497 | ||
| 050 |
_aPR9405.9.S41 _bO6 |
||
| 100 |
_aSerpell, Namwali _946522 |
||
| 245 |
_aThe old drift _cNamwali Serpell |
||
| 260 |
_aLondon _bHogarth _c2019 |
||
| 300 |
_a561p. ; _c24cm. |
||
| 942 |
_2lcc _cMONOGRAPH |
||